000 00394nam a2200145 i 4500
001 26139
003 ES-MaACL
005 20230906153407.0
007 t|
008 030107s1873 sp ||||1| spa d
100 1 _aArnús, Manuel (
_d1813-1879)
_923130
245 1 0 _aHidrología mineral médica /
_cManuel Arnús de Ferrer.
260 _aMadrid :
_b[s.n.,
_c1873]
852 _aES-MaACL
_jT-635-F-1
999 _c26139
_d26139